000 00586nam a2200205Ia 4500
005 20250923145651.0
008 008 250917s9999 xx 000 0 eng d
037 _aTextual
040 _aDSWL
_beng
_cDSWL
041 _aeng
_2eng
084 _aY:1:7.2, N84
_qDSWL
100 _aKuppuswamy, B.
_9837740
245 0 _aSocial change in India
_c by B. Kuppuswamy
260 _aNew Delhi
_bDelhi Vani Educational Books (Vikas)
_c1984
300 _avl,437 p.
365 _aINR
_b31.50
925 _g31.50
942 _cTEXL
_hY:1:7.2, N84
999 _c1454139
_d1454139